Fußballvereine anhand von Trophäen erkennen (Stand: April 2024) - Statistiken

Allgemein
  • Dieses Quiz wurde 400 mal gespielt
  • Das Durchschnittsergebnis liegt bei 5 aus 8
Antwortstatistiken
Nation Liga Internationale Pokale Nationale Pokale Antwort % Korrekt
England 20x Meister2x Zweitligameister 2x Champions League1x Europapokal der Landesmeister (heute CL) 1x Europa League 1x Europapokal der Pokal 1x FIFA Club Weltmeister 1x Weltpokal 1x UEFA Supercup 41x nationale Pokale Manchester United
91%
England 19x Meister 4x UEFA Supercup 3x UEFA Cup 1x FIFA Club Weltmeister 4x Europapokal der Landesmeister 2x Champions League 38x nationale Pokale Liverpool
86%
Spanien 11x Meister 3x UEFA Supercup3x Europa League 1x Europapokal der Pokalsieger 14x nationale Pokale Atletico Madrid
76%
England 6x Meister 2x Champions League1x Club Weltmeister 2x EuropaLeague 2x Europapokal der Pokalsieger 2x UEFA Supercup 19x nationale Pokale Chelsea
76%
Frankreich 11x Meister 1x Europapokal der Pokal 35x nationale Pokale Paris Saint Germain
46%
Frankreich 9x Meister1x Zweitligameister 1x Champions League 16x nationale Pokale Olympique Marseille
41%
England 7x Meister 1x Europapokal der Landesmeister1x UEFA Supercup 16x nationale Pokale Aston Villa
36%
Spanien 8x Meister 29x nationale Pokale Athletic Bilbao
14%
Keine übereinstimmenden Quizze gefunden
Verteilung der Resultate
Anzahl Personen mit jedem Resultat
Perzentil nach korrekt beantworteten Fragen
Ihre Resultats-Entwicklung
Sie haben dieses Quiz noch nicht gespielt